[Event "45th Olympiad 2024"]
[Site "Budapest HUN"]
[Date "2024.09.15"]
[Round "5.47"]
[Board "4"]
[White "Montevilla Cahuasa, Jonathan I."]
[Black "Shiferaw, Yalemzewde Mekonnen"]
[Result "1-0"]
[WhiteElo "2064"]
[BlackElo "2025"]
[PlyCount "71"]
[EventDate "2024.09.11"]
[WhiteTeam "Bolivia"]
[BlackTeam "Ethiopia"]
[WhiteTeamCountry "BOL"]
[BlackTeamCountry "ETH"]

1. e4 c6 2. d4 d5 3. e5 Bf5 4. h4 h6 5. g4 Bc8 ({RR} 5... Be4 6. Rh3 e6 7. Nd2 Bh7 8. Nb3 Nd7 9. h5 Ne7 10. Bd3 c5 11. Bxh7 Rxh7 12. Nxc5 Nxc5 13. dxc5 Nc6 14. Rb3 Qa5+ 15. Bd2 Qa6 16. Nf3 Bxc5 17. a4 Rc8 18. Bc3 Qc4 19. Qd3 Qxd3 20. cxd3 {½-½ Istratescu,A (2636)-Bauer,C (2672) FRA-chT Top 12 2012 (9.2)}) 6. c4 ({RR} 6. Bd3 c5 7. dxc5 Nc6 8. Qe2 Qa5+ 9. c3 Qxc5 10. Be3 Qa5 11. b4 Qc7 12. f4 a6 13. a3 h5 14. g5 g6 15. Qf2 Bg4 16. Nd2 e6 17. Bb6 Qb8 18. Ngf3 Nge7 19. Nb3 Bg7 20. O-O Nc8 {1-0 Maslanka,W (2166)-Jurasz,A (1992) Najdorf Mem Open A 2024 (5.45)}) 6... e6 7. Nc3 Ne7 8. b3 $146 ({RR} 8. Nf3 dxc4 9. Bxc4 Nd5 10. Ne4 Nd7 11. Kf1 Be7 12. Kg2 c5 13. a3 cxd4 14. Qxd4 N7b6 15. Bb5+ Bd7 16. Bxd7+ Qxd7 17. Bd2 O-O-O 18. Rhd1 Qa4 19. Rdc1+ Kb8 20. Qxa4 Nxa4 21. b3 Nab6 22. a4 Rc8 {0-1 Amrein,R (2198)-Varga,P (2367) HUN-ch rapid 2019 (8)}) 8... Nd7 9. Nf3 b6 10. Be3 Bb7 11. Bg2 h5 12. Ng5 hxg4 13. Qxg4 Nf5 14. Nxe6 Nxe3 15. fxe3 fxe6 16. Qg6+ Ke7 17. Rf1 Qc7 18. Bh3 Kd8 19. Bxe6 b5 20. Rf7 Be7 21. Qxg7 Re8 22. Kd2 Qa5 23. Raf1 dxc4 24. Bxd7 Kxd7 25. R1f6 Kd8 26. Rxe7 Rxe7 27. Rd6+ Kc7 28. Qxe7+ Kb6 29. b4 Qa3 30. Nd5+ Ka6 31. Nc7+ Kb6 32. Nxa8+ Bxa8 33. Qd8+ Ka6 34. Qa5+ Qxa5 35. bxa5 Kxa5 36. e6 1-0

[Event "45th Olympiad 2024"]
[Site "Budapest HUN"]
[Date "2024.09.15"]
[Round "5.48"]
[Board "1"]
[White "Al Hosani, Omran"]
[Black "Allam, Mohamed"]
[Result "1/2-1/2"]
[WhiteElo "2241"]
[BlackElo "2053"]
[PlyCount "89"]
[EventDate "2024.09.11"]
[WhiteTeam "United Arab Emirates"]
[BlackTeam "Palestine"]
[WhiteTeamCountry "UAE"]
[BlackTeamCountry "PLE"]

1. d4 d5 2. c4 e6 3. Nf3 a6 4. g3 dxc4 5. Bg2 Nc6 6. O-O Be7 7. e4 Nf6 8. Nc3 O-O 9. d5 exd5 10. exd5 Nb4 11. Ne5 Bf5 12. a3 Nd3 13. Nxc4 Nxc1 14. Rxc1 Rb8 $146 ({RR} 14... Re8 15. d6 Bxd6 16. Bxb7 Bh3 17. Nxd6 cxd6 18. Bg2 Bxg2 19. Kxg2 Qb6 20. b4 Re5 21. Qf3 Rae8 22. Rfd1 a5 23. b5 h6 24. Nd5 Nxd5 25. Rxd5 Rxd5 26. Qxd5 Re5 27. Rc8+ Kh7 28. Qd3+ g6 29. a4 {1-0 Taylor,G-Baragar,F (2270) Montreal Zonal 1981}) ({RR} 14... Bd6 15. Ne3 Qd7 16. Qd4 Rfe8 17. Rfe1 Bh3 18. Bf3 Re7 19. Re2 Rae8 20. Rce1 b6 21. Qd3 a5 22. Nb5 Ne4 23. Nd4 Ng5 24. Bh1 Bg4 25. Nxg4 Qxg4 26. Rxe7 Rxe7 27. Rxe7 Bxe7 28. Bg2 Nh3+ 29. Bxh3 {1-0 Ignacz,M (2265)-Pelletier,K (2096) Wch U16 Girls 2005 (6)}) ({RR} 14... Bd6 15. Qd4 Re8 16. Nxd6 Qxd6 17. Na4 Be4 18. Qc5 Qxd5 19. Qxc7 Bxg2 20. Nb6 Qf3 21. Rc3 Nd5 22. Rxf3 Nxc7 23. Kxg2 Rad8 24. Rc1 Ne6 25. Nc4 Re7 26. Na5 g6 27. Rb3 Rdd7 28. Rb6 Kg7 29. Rc2 {½-½ Plat,V (2498)-Shevchenko,K (2443) Pardubice op rapid 27th 2016 (5)}) 15. Ne3 Bd7 16. Qd3 Ne8 17. Rfd1 Nd6 18. Ne4 Nxe4 19. Bxe4 h6 20. Qc4 Bd6 21. Bf5 Bxf5 22. Nxf5 Qf6 23. Nxd6 cxd6 24. Qd4 Qxd4 25. Rxd4 Rbc8 26. Rdc4 Rxc4 27. Rxc4 Re8 28. Rc7 Re5 29. Rxb7 Rxd5 30. Rb6 a5 31. Rb8+ Kh7 32. a4 Kg6 33. Rb5 Rd2 34. b3 Rb2 35. Kg2 Kf6 36. Kf3 Ke6 37. Ke3 Rc2 38. h4 Rc5 39. Rb7 g5 40. hxg5 hxg5 41. g4 Re5+ 42. Kd3 Rd5+ 43. Ke3 Re5+ 44. Kd3 Rd5+ 45. Ke4 1/2-1/2

[Event "45th Olympiad 2024"]
[Site "Budapest HUN"]
[Date "2024.09.15"]
[Round "5.48"]
[Board "2"]
[White "Seder, Mohammed"]
[Black "Ammar, Sedrani"]
[Result "0-1"]
[WhiteElo "2116"]
[BlackElo "2226"]
[PlyCount "64"]
[EventDate "2024.09.11"]
[WhiteTeam "Palestine"]
[BlackTeam "United Arab Emirates"]
[WhiteTeamCountry "PLE"]
[BlackTeamCountry "UAE"]

1. e4 c6 2. d4 d5 3. e5 Bf5 4. h4 h5 5. Bd3 Bxd3 6. Qxd3 e6 7. Bg5 Qb6 8. Nd2 Ne7 9. Ne2 Nd7 10. O-O c5 ({RR} 10... Nf5 11. Nf3 c5 12. c4 dxc4 13. Qxc4 cxd4 14. Nexd4 Nxd4 15. Nxd4 Nxe5 16. Qb5+ Nc6 17. Qxb6 axb6 18. Nb5 Ra5 19. a4 f6 20. Be3 Bc5 21. Bxc5 bxc5 22. Nd6+ Ke7 23. Nxb7 Ra7 24. Nxc5 Rb8 25. b3 {½-½ Novik,M (2411)-Aswath,S (2470) Titled Tue 27th Aug Early 2024 (5)}) 11. c3 Nf5 12. Nf3 Be7 $146 ({RR} 12... Qa6 13. Qd2 Nb6 14. Ng3 Nc4 15. Qe2 Nxg3 16. fxg3 Rc8 17. Kh2 Rc7 18. Qf2 cxd4 19. cxd4 Na5 20. a3 Qd3 21. Rac1 Rxc1 22. Rxc1 Nc6 23. Rc3 Qb5 24. b4 a6 25. Qc2 Qb6 26. Qd2 {½-½ Korneev,O (2481)-Korpa,B (2516) Hastings Masters 2022-23 (9.1)}) 13. Bxe7 Nxe7 14. Rab1 O-O-O 15. Nf4 Kb8 16. a4 g6 17. Rfe1 Rc8 18. g3 Nf5 19. b3 Rhe8 20. Ng2 cxd4 21. cxd4 Qb4 22. Rec1 f6 23. Nf4 fxe5 24. Nxe5 Nxe5 25. dxe5 Qe7 26. Qd2 Rcd8 27. Re1 g5 28. Ng6 Qf7 29. Qxg5 Rg8 30. Qxh5 Rxg6 31. Qf3 Qg7 32. Qe2 Rg8 0-1

[Event "45th Olympiad 2024"]
[Site "Budapest HUN"]
[Date "2024.09.15"]
[Round "5.48"]
[Board "3"]
[White "Ahmed, Fareed"]
[Black "Abdel Wahab, Ahmad"]
[Result "1-0"]
[WhiteElo "2061"]
[BlackElo "1995"]
[PlyCount "103"]
[EventDate "2024.09.11"]
[WhiteTeam "United Arab Emirates"]
[BlackTeam "Palestine"]
[WhiteTeamCountry "UAE"]
[BlackTeamCountry "PLE"]

1. e4 c5 2. Nf3 d6 3. c3 Nf6 4. Be2 Nc6 5. d4 cxd4 6. cxd4 Qa5+ ({RR} 6... Bg4 7. d5 Nb8 8. Qb3 Nbd7 9. h3 Nc5 10. Qe3 Bd7 11. Nc3 Qa5 12. Nd2 b5 13. e5 b4 14. Nc4 Qa6 15. Nxd6+ exd6 16. Bxa6 dxe5 17. Qxe5+ {1-0 Hossain,E (2426)-Romsdal,T (2243) Troll Masters 2002 (1)}) 7. Nbd2 $146 ({RR} 7. Bd2 Qb6 8. Nc3 Bd7 9. O-O Nxd4 10. Nxd4 Qxd4 11. Nb5 Qb6 12. Be3 Qd8 13. Rc1 Bc6 14. Qb3 e5 15. Bxa7 Nd7 16. Bc4 Qa5 17. Be3 Kd8 18. Nc3 f6 19. Nd5 b5 20. Bd3 Nc5 21. Qc2 Bxd5 {1-0 Biro,S (2305)-Kampmann,L (2170) Regionalliga NO 9899 1998 (7.1)}) ({RR} 7. Bd2 Qb6 8. d5 Nxe4 9. Be3 Qa5+ 10. Nc3 Nxc3 11. bxc3 Ne5 12. Nxe5 dxe5 13. O-O Qc7 14. Rb1 Bd7 15. Qb3 b6 16. Bc4 Rc8 17. Ba6 Ra8 18. Rfe1 g6 19. Bg5 h6 20. d6 exd6 21. Bf6 Rh7 {1-0 Thomas,G (1741)-Jhunjhnuwala,S (1850) World Senior Teams +50 2023 (6.4)}) ({RR} 7. Bd2 Qb6 8. Nc3 Nxd4 9. Nxd4 Qxd4 10. Nb5 Qb6 11. Be3 Qa5+ 12. b4 Qxb4+ 13. Bd2 Qxe4 14. Nc7+ Kd8 15. Nxa8 b6 16. Nxb6 axb6 17. O-O e6 18. Be3 Nd7 19. Qb3 Qb7 20. Rab1 Kc7 21. Bh5 Nc5 {1-0 Skrobek,R (2365)-Jurkiewicz,K Dreszer Memorial 1986 (10)}) ({RR} 7. Bd2 Qb6 8. d5 Nxe4 9. O-O Nxd2 10. Nbxd2 Nb8 11. Rc1 Bd7 12. Nc4 Qd8 13. Ng5 b5 14. Bh5 g6 15. Qf3 f5 16. Nxh7 Kf7 17. Ng5+ {1-0 Degraeve,J (2425)-Cursoux,L (2140) FRA-chT France 1995}) 7... g6 8. O-O Bg7 9. Nc4 Qd8 10. d5 Nb8 11. Qd3 O-O 12. Be3 Bg4 13. Rac1 Nbd7 14. b4 Nb6 15. Nd4 Nxc4 16. Rxc4 Bxe2 17. Nxe2 Ng4 18. Bd4 Ne5 19. Bxe5 Bxe5 20. Rfc1 Qb6 21. a4 a5 22. b5 f5 23. Qe3 Qxe3 24. fxe3 b6 25. Nf4 Bxf4 26. exf4 fxe4 27. Rxe4 Ra7 28. g4 h5 29. h3 hxg4 30. hxg4 Kf7 31. Kg2 Rh8 32. Kg3 Rb7 33. Rec4 Kf6 34. Rc8 Rb8 35. Rxb8 Rxb8 36. Rc6 Kf7 37. Kf3 Rh8 38. Kg2 Rb8 39. Kh3 Rh8+ 40. Kg2 Rb8 41. g5 Kg7 42. Kg3 Kf7 43. Kg4 Kg7 44. Rc7 Kf7 45. f5 Rh8 46. f6 Rh1 47. Rxe7+ Kf8 48. Rg7 Rg1+ 49. Kf4 Ra1 50. Rxg6 Rxa4+ 51. Kf5 Ra1 52. Rh6 1-0

[Event "45th Olympiad 2024"]
[Site "Budapest HUN"]
[Date "2024.09.15"]
[Round "5.48"]
[Board "4"]
[White "Miswadah, Baha"]
[Black "Sultan, Ibrahim"]
[Result "0-1"]
[WhiteElo "1957"]
[BlackElo "2206"]
[PlyCount "118"]
[EventDate "2024.09.11"]
[WhiteTeam "Palestine"]
[BlackTeam "United Arab Emirates"]
[WhiteTeamCountry "PLE"]
[BlackTeamCountry "UAE"]

1. d4 d5 2. Bf4 Nf6 3. e3 c5 4. c3 Nc6 5. Nd2 Bf5 6. Qb3 Qd7 7. a4 c4 8. Qd1 e6 9. Ngf3 Bd6 10. Bxd6 Qxd6 11. a5 O-O 12. Be2 b5 13. axb6 axb6 14. Nh4 $146 ({RR} 14. O-O h6 15. b4 Nxb4 16. cxb4 c3 17. Qb3 cxd2 18. Nxd2 Ne4 19. Nxe4 Bxe4 20. Rfc1 Rfc8 21. Rxa8 Rxa8 22. h3 Qd7 23. Bf1 Qa4 24. Qxa4 Rxa4 25. b5 Rb4 26. f3 Bf5 27. g4 Bg6 28. Kf2 Rb2+ {0-1 Hambleton,A (2420)-Aradhya,G (2412) Titled Tue 13th Aug Early 2024 (10)}) 14... b5 15. Nxf5 exf5 16. O-O g6 17. b3 Ra3 18. bxc4 bxc4 19. Qc2 Kg7 20. Bf3 Rfa8 21. Rxa3 Rxa3 22. Qb2 Na5 23. Ra1 Rxa1+ 24. Qxa1 Qb6 25. g3 Nb3 26. Qb2 Ne4 27. Bxe4 fxe4 28. f3 f5 29. Kf2 Qb5 30. fxe4 fxe4 31. Qa2 Qb7 32. Nf1 Nc1 33. Qd2 Qf7+ 34. Kg1 Nd3 35. Qe2 h5 36. Nd2 Qa7 37. Nf1 Qa1 38. Qd2 Kf7 39. h3 Qb2 40. h4 Ke6 41. g4 hxg4 42. Kg2 Kf5 43. Ng3+ Kf6 44. Qxb2 Nxb2 45. Ne2 Nd1 46. Nf4 Nxc3 47. Kf2 g5 48. hxg5+ Kxg5 49. Kg3 Na2 50. Nxd5 c3 51. Nf4 c2 52. Ne2 c1=Q 53. Nxc1 Nxc1 54. d5 Nd3 55. d6 Ne5 56. Kg2 Kh4 57. Kh2 g3+ 58. Kh1 Kh3 59. Kg1 g2 0-1

[Event "45th Olympiad 2024"]
[Site "Budapest HUN"]
[Date "2024.09.15"]
[Round "5.49"]
[Board "1"]
[White "Ferster, Fabian"]
[Black "Valdes Romero, Leonardo"]
[Result "1/2-1/2"]
[WhiteElo "2184"]
[BlackElo "2347"]
[PlyCount "88"]
[EventDate "2024.09.11"]
[WhiteTeam "Liechtenstein"]
[BlackTeam "Costa Rica"]
[WhiteTeamCountry "LIE"]
[BlackTeamCountry "CRI"]

1. e4 c5 2. Nc3 d6 3. d4 cxd4 4. Qxd4 Nc6 5. Qd2 g6 6. b3 Bg7 7. Bb2 Nf6 8. O-O-O O-O 9. f3 h5 ({RR} 9... Qa5 10. Kb1 Bd7 11. Nge2 Rac8 12. Nd5 Qxd2 13. Nxf6+ Bxf6 14. Rxd2 Bxb2 15. Kxb2 Kg7 16. Nf4 Be6 17. h4 h6 18. Be2 Ne5 19. c4 g5 20. Nh5+ Kg6 21. g4 Rh8 22. Ng3 f6 23. h5+ Kf7 24. Rc1 {0-1 Gabrielian,A (2463)-Karjakin,S (2752) Titled Tuesday intern op 6th June blitz 2020 (4)}) 10. h3 $146 ({RR} 10. Kb1 a5 11. h4 Be6 12. Nh3 Ne5 13. Nf4 Bd7 14. a4 Bh6 15. Ncd5 Nxd5 16. exd5 b5 17. Bxb5 Bxb5 18. axb5 Qd7 19. Qd4 Bxf4 20. Qxf4 Qxb5 21. Qd4 a4 22. f4 axb3 23. c4 Qxc4 24. Qxc4 Nxc4 {0-1 Kairbekova,A (2036)-Karavade,E (2345) Asian Online (Women) rapid 2021 (1)}) ({RR} 10. Kb1 Be6 11. Nge2 a6 12. Nf4 b5 13. Rg1 Qd7 14. Ncd5 Bxd5 15. Nxd5 Nxd5 16. Qxd5 Ne5 17. f4 Ng4 18. Qd2 Qa7 19. Bxg7 Kxg7 20. Qd4+ Qxd4 21. Rxd4 Rac8 22. Be2 Rc3 23. Rd3 Rfc8 24. Rxc3 Rxc3 {0-1 Dwilewicz,K (2130)-Solovjov,A (2237) Titled Tue 14th May Early 2024 (3)}) ({RR} 10. Kb1 Be6 11. h3 a6 12. g4 b5 13. Nge2 b4 14. Na4 Bd7 15. gxh5 Nxh5 16. Bxg7 Kxg7 17. f4 Rh8 18. Rg1 Rc8 19. e5 d5 20. Qxd5 Bf5 21. Bg2 Qc7 22. Qxc6 Qxc6 23. Bxc6 Rxc6 24. Nd4 Be4 {1-0 Grot,B (1839)-Avazkhonov,A (1538) Titled Tue 25th Oct Early 2022 (8)}) ({RR} 10. Kb1 a5 11. a4 Nd7 12. Nge2 Nc5 13. Nf4 Bh6 14. Ncd5 e5 15. Qc3 Bd7 16. Bc4 Kh7 17. Nd3 Ne6 18. f4 Bg7 19. fxe5 dxe5 20. Rhf1 Ned4 21. h3 Be6 22. g4 h4 23. Qe1 Qg5 24. c3 Bxd5 {1-0 Gabrielian,A (2464)-Volkov,M (2113) Titled Tuesday intern op 22nd Feb Early blitz 2022 (5)}) 10... Qa5 11. g4 Be6 12. Kb1 Rfc8 13. Nge2 Rab8 14. Nd5 Qxd2 15. Nxf6+ Bxf6 16. Rxd2 Bxb2 17. Kxb2 hxg4 18. hxg4 Kg7 19. Nf4 Rh8 20. Rdh2 Rxh2 21. Rxh2 Ne5 22. Be2 g5 23. Nd3 Nxd3+ 24. cxd3 Rc8 25. Bd1 Bd7 26. Rc2 Kf6 27. Rxc8 Bxc8 28. d4 e5 29. d5 Ke7 30. Kc3 Kd8 31. Be2 Bd7 32. Bd3 Kc7 33. Be2 Kb6 34. Bd3 a5 35. a3 Be8 36. Be2 Kc5 37. Bf1 Bd7 38. Be2 Be8 39. Bf1 Bb5 40. Bxb5 Kxb5 41. Kd3 Kc5 42. Kc3 Kb5 43. Kd3 Kc5 44. Kc3 Kb5 1/2-1/2

[Event "45th Olympiad 2024"]
[Site "Budapest HUN"]
[Date "2024.09.15"]
[Round "5.49"]
[Board "2"]
[White "Jimenez Garcia, Emmanuel"]
[Black "Krieger, Markus"]
[Result "1-0"]
[WhiteElo "2352"]
[BlackElo "2153"]
[PlyCount "81"]
[EventDate "2024.09.11"]
[WhiteTeam "Costa Rica"]
[BlackTeam "Liechtenstein"]
[WhiteTeamCountry "CRI"]
[BlackTeamCountry "LIE"]

1. Nf3 d5 2. e3 c5 3. c4 d4 4. b4 g6 5. exd4 ({RR} 5. bxc5 Nc6 6. exd4 Bg7 7. Nc3 Nxd4 8. Nxd4 Bxd4 9. Rb1 Bxc3 10. dxc3 Qxd1+ 11. Kxd1 Bf5 12. Rb2 O-O-O+ 13. Ke1 Nf6 14. f3 Nd7 15. Be3 Nb8 16. g4 Be6 17. Be2 h5 18. Kf2 Nc6 19. Kg3 f6 {1-0 Ernst,S (2576)-Meister,P (2388) Bundesliga 0809 2008 (5.7)}) ({RR} 5. Bb2 Bg7 6. bxc5 Nc6 7. Na3 Nh6 8. Nb5 Nf5 9. Qc1 a6 10. Nbxd4 Ncxd4 11. Nxd4 Nxd4 12. exd4 Bxd4 13. Be2 Bf5 14. O-O Rc8 15. Bf3 Rxc5 16. Bxb7 Bd3 17. Bxd4 Qxd4 18. Re1 Bxc4 19. Re4 Qd3 {1-0 Kirk,E (2411)-Shehzad,S (2265) Kragero Resort Chess 2024 (4.16)}) 5... cxd4 6. d3 Bg7 7. Be2 $146 ({RR} 7. g3 Nf6 8. Bg2 O-O 9. O-O Bg4 10. h3 Bxf3 11. Qxf3 Nc6 12. b5 Ne5 13. Qxb7 Rc8 14. Rd1 Qa5 15. Qxe7 Rfe8 16. Qa3 Nxc4 17. Qxa5 Nxa5 18. Bd2 Nc4 19. dxc4 Rxc4 20. Ba5 Rc2 21. Nd2 Re2 {1-0 Nagy,G (2464)-Juan Mas,S (2041) Pomar Memorial op 2018 (5)}) ({RR} 7. g3 a5 8. b5 b6 9. Bg2 Bb7 10. O-O Nh6 11. Re1 O-O 12. Bf4 Nf5 13. a4 Nd7 14. Nbd2 Rc8 15. Nb3 Re8 16. g4 Bxf3 17. Bxf3 e5 18. gxf5 exf4 19. fxg6 Qg5+ 20. Kh1 Rxe1+ 21. Qxe1 hxg6 {1-0 Sultanbek,Z (1891)-Shuvalova,P (2502) World Rapid Women 2022 (2.19)}) 7... e5 8. O-O Ne7 9. Nbd2 O-O 10. Re1 Qc7 11. Bf1 Re8 12. a4 a5 13. b5 Nd7 14. Nb3 Nc5 15. Nxc5 Qxc5 16. Ba3 Qc7 17. g3 Bf5 18. Qb3 Rad8 19. Bg2 h6 20. Nd2 Bf8 21. Rac1 Kg7 22. Ne4 Nc8 23. c5 Be6 24. Qb2 f5 25. Nd6 Nxd6 26. cxd6 Qf7 27. Rc7 Rd7 28. b6 Qf6 29. Qb5 Red8 30. Bxb7 Kg8 31. Bd5 Bxd5 32. Rxd7 Rxd7 33. Qxd5+ Kh7 34. Qxe5 Qd8 35. Qxa5 Bxd6 36. Bxd6 Rxd6 37. Qa7+ Rd7 38. b7 Qc7 39. Rb1 f4 40. Qa8 fxg3 41. b8=Q 1-0

[Event "45th Olympiad 2024"]
[Site "Budapest HUN"]
[Date "2024.09.15"]
[Round "5.49"]
[Board "3"]
[White "Heron, Andrew"]
[Black "Cabezas Solano, David Alejandro"]
[Result "1-0"]
[WhiteElo "2026"]
[BlackElo "2248"]
[PlyCount "111"]
[EventDate "2024.09.11"]
[WhiteTeam "Liechtenstein"]
[BlackTeam "Costa Rica"]
[WhiteTeamCountry "LIE"]
[BlackTeamCountry "CRI"]

1. e4 c5 2. Nf3 d6 3. d4 cxd4 4. Qxd4 Nc6 5. Bb5 Bd7 6. Qd3 g6 7. O-O Bg7 8. c4 Nf6 9. Nc3 O-O 10. h3 Nb4 11. Qe2 a6 12. Bxd7 Nxd7 13. Bd2 Rc8 ({RR} 13... e6 14. Rfd1 Qc7 15. Rac1 Rfc8 16. b3 Nc5 17. Bf4 Rd8 18. h4 h6 19. Bg3 Qa5 20. Nd4 Rac8 21. Rd2 h5 22. Qe3 d5 23. cxd5 exd5 24. Nxd5 Nxd5 25. exd5 Ne4 26. Rxc8 Rxc8 27. Rc2 Rxc2 28. Nxc2 {0-1 Farias,D (2206)-Ortega,M (2473) 12th Pontevedra Open 2024 (2.4)}) 14. Rac1 $146 ({RR} 14. a3 Nc6 15. Rac1 Na5 16. Nd5 Nb3 17. Rc2 e6 18. Nf4 Qf6 19. Be3 Ndc5 20. Nd2 Nd4 21. Bxd4 Qxd4 22. Rd1 Bh6 23. Nd3 Qxd3 {0-1 Baches Garcia,G (2329)-Perez Gormaz,M (2404) Titled Tuesday intern op 30th Nov blitz 2021 (5)}) ({RR} 14. Rfd1 Ne5 15. Nxe5 Bxe5 16. Rac1 Nc6 17. b3 Qa5 18. Na4 Nd4 19. Qe3 Qc7 20. Bc3 Nc6 21. Nb6 Bxc3 22. Rxc3 Rcd8 23. Nd5 Qc8 24. b4 Qe6 25. b5 Ne5 26. Qa7 Nd7 27. Qxb7 Qxe4 28. bxa6 Kg7 {1-0 Macieja,B (2612)-Musialkiewicz,J (2150) Wroclaw op-A 6th 2011 (1)}) 14... Nc5 15. Rfd1 Nc6 16. b3 Rb8 17. Bf4 Qa5 18. Nd5 Ne6 19. Be3 Rfe8 20. a4 Qd8 21. c5 Kh8 22. cxd6 exd6 23. b4 Ne7 24. Ng5 Rf8 25. Nxe6 fxe6 26. Bb6 Qe8 27. Nxe7 Qxe7 28. Bc7 Be5 29. Bxb8 Rxb8 30. Rc2 Rf8 31. g3 Qf6 32. Rdc1 Bd4 33. Rc8 Bxf2+ 34. Kg2 Bd4 35. Rxf8+ Qxf8 36. Qf3 Qe7 37. Rc4 Be5 38. b5 axb5 39. axb5 b6 40. Rc6 Bd4 41. Qf4 e5 42. Rc7 exf4 43. Rxe7 fxg3 44. Kxg3 Kg8 45. Rd7 h6 46. Kg4 Be5 47. h4 Kf8 48. h5 gxh5+ 49. Kxh5 Bf4 50. Kg6 Ke8 51. Rb7 Be3 52. Kf6 Kd8 53. Ke6 Kc8 54. Rh7 Bf4 55. Kd5 Kb8 56. Kc6 1-0

[Event "45th Olympiad 2024"]
[Site "Budapest HUN"]
[Date "2024.09.15"]
[Round "5.49"]
[Board "4"]
[White "Pastor Carvajal, Jeigoth"]
[Black "Frick, Renato"]
[Result "1/2-1/2"]
[WhiteElo "2120"]
[BlackElo "1925"]
[PlyCount "63"]
[EventDate "2024.09.11"]
[WhiteTeam "Costa Rica"]
[BlackTeam "Liechtenstein"]
[WhiteTeamCountry "CRI"]
[BlackTeamCountry "LIE"]

1. e4 e5 2. Nf3 Nc6 3. Nc3 Nf6 4. Bb5 Nd4 5. Nxd4 exd4 6. e5 dxc3 7. exf6 Qxf6 8. dxc3 Qe5+ 9. Qe2 Qxe2+ 10. Bxe2 Bc5 11. Bf4 ({RR} 11. O-O O-O 12. Bf4 d6 13. b4 Bb6 14. Bf3 a5 15. a3 Ra7 16. Be4 Be6 17. b5 a4 18. Rfe1 h6 19. Bd3 Re8 20. Kf1 Kf8 21. Rab1 Raa8 22. Be3 Ba2 23. Rb2 Bxe3 24. Rxe3 Rxe3 25. fxe3 Bd5 {½-½ Musovic,A (2245)-Yuan,Q (2373) Titled Tue 17th Jan Late 2023 (2)}) 11... d6 12. O-O Bd7 ({RR} 12... Bf5 13. Bd3 Bxd3 14. cxd3 Kd7 15. Rfe1 Rae8 16. Kf1 Bb6 17. Rxe8 Rxe8 18. Re1 Rxe1+ 19. Kxe1 d5 20. d4 c6 21. Ke2 Ke6 22. Kf3 a6 23. g4 Bd8 24. Ke3 Be7 25. f3 g5 26. Bb8 f6 27. h3 {½-½ Libiszewski,F (2537)-Bacrot,E (2695) Porticcio op 3rd 2016 (8)}) 13. Rfe1 $146 ({RR} 13. b4 Bb6 14. a4 a5 15. Bf3 O-O-O 16. Rfb1 Bc6 17. Bxc6 bxc6 18. Re1 Rhe8 19. Kf1 Kd7 20. Bd2 Rxe1+ 21. Rxe1 Ra8 22. Ra1 Re8 23. f3 Re5 24. Re1 Rxe1+ 25. Kxe1 c5 26. bxc5 Bxc5 27. Ke2 Kc6 {0-1 Kwasniewski,J-Rogalewicz,J Bydgoszcz 1979 (4)}) 13... O-O-O 14. Bc4 Rde8 15. Kf1 Be6 16. Bd3 h6 17. c4 Bd7 18. Rxe8+ Rxe8 19. Re1 Rxe1+ 20. Kxe1 Bd4 21. Bc1 Kd8 22. c3 Bb6 23. Ke2 Ke7 24. Be3 Bg4+ 25. f3 Be6 26. Bxb6 axb6 27. b3 f5 28. f4 Kf6 29. Ke3 g5 30. g3 Bd7 31. Be2 Bc6 32. Bd3 1/2-1/2

[Event "45th Olympiad 2024"]
[Site "Budapest HUN"]
[Date "2024.09.15"]
[Round "5.50"]
[Board "1"]
[White "Almedina Ortiz, Edgardo J."]
[Black "Xie, Felix"]
[Result "1-0"]
[WhiteElo "2196"]
[BlackElo "2320"]
[PlyCount "95"]
[EventDate "2024.09.11"]
[WhiteTeam "Puerto Rico"]
[BlackTeam "New Zealand"]
[WhiteTeamCountry "PUR"]
[BlackTeamCountry "NZL"]

1. d4 Nf6 2. c4 e6 3. Nc3 Bb4 4. e3 O-O 5. Bd2 c5 6. Nge2 cxd4 7. exd4 d5 8. c5 Nc6 9. a3 Bxc3 10. Bxc3 Ne4 11. g3 $146 ({RR} 11. b4 Nxc3 12. Nxc3 Qf6 13. Ne2 e5 14. dxe5 Qxe5 15. b5 Na5 16. Qd4 Re8 17. Qxe5 Rxe5 18. O-O-O Bf5 19. Nd4 Rc8 20. f4 Rxc5+ 21. Kb2 Bg4 22. Bd3 Re3 23. Rhe1 Bxd1 24. Rxe3 g6 25. Re1 Ba4 {1-0 Fiorito,J (2409)-Pullela,S (1996) Titled Tue 6th Jun Late 2023 (4)}) 11... Qf6 12. f4 b6 13. cxb6 axb6 14. Bg2 Nxc3 15. bxc3 Na5 16. O-O Nc4 17. Qc1 Qf5 18. Qb1 Qxb1 19. Rfxb1 Ra6 20. f5 g5 21. fxg6 hxg6 22. Nf4 Bd7 23. h4 Rc8 24. Bf1 Rca8 25. Rb3 b5 26. Nd3 Ra5 27. Ne5 Be8 28. Bd3 Kg7 29. Kf2 f6 30. Nf3 Bc6 31. Re1 Kf7 32. g4 Nd6 33. Ra1 Nc4 34. g5 Be8 35. Kg3 Nxa3 36. gxf6 Kxf6 37. Re1 Nc4 38. Ng5 R8a6 39. Bxc4 dxc4 40. Rb2 Ra3 41. Re3 Rb6 42. d5 b4 43. d6 Rxd6 44. Ne4+ Ke7 45. Nxd6 bxc3 46. Nxc4 cxb2 47. Nxa3 Bc6 48. Rb3 1-0

[Event "45th Olympiad 2024"]
[Site "Budapest HUN"]
[Date "2024.09.15"]
[Round "5.50"]
[Board "2"]
[White "Middelburg, Tom"]
[Black "Rodriguez Santiago, Jaime"]
[Result "1-0"]
[WhiteElo "2355"]
[BlackElo "2002"]
[PlyCount "117"]
[EventDate "2024.09.11"]
[WhiteTeam "New Zealand"]
[BlackTeam "Puerto Rico"]
[WhiteTeamCountry "NZL"]
[BlackTeamCountry "PUR"]

1. e4 c6 2. d4 d5 3. Nc3 dxe4 4. Nxe4 Nf6 5. Nxf6+ exf6 6. c3 Bd6 7. Bd3 O-O 8. Qc2 Re8+ 9. Ne2 h5 10. O-O h4 11. h3 Nd7 12. Bd2 Nf8 13. Rae1 Qc7 ({RR} 13... g6 14. Nf4 Be6 15. Re2 Bc7 16. Nxe6 Rxe6 17. Rxe6 Nxe6 18. Re1 f5 19. Bc4 Nf4 20. Qb3 Qd7 21. Qd1 Re8 22. Rxe8+ Qxe8 23. Qf3 Qe4 24. Qxe4 fxe4 25. Kf1 Kf8 26. Bxf4 Bxf4 27. Ke2 b5 28. Bb3 {½-½ Pichot,A (2641)-Iturrizaga Bonelli,E (2630) ESP-chT CECLUB Honor 2022 (2.2)}) 14. c4 Ne6 ({RR} 14... c5 15. dxc5 Bxc5 16. b4 Be7 17. Nf4 Be6 18. c5 Red8 19. Nxe6 Nxe6 20. Bc4 Nd4 21. Qg6 Bf8 22. Re4 Ne6 23. Rxe6 fxg6 24. Re7+ Kh7 25. Rxc7 Rxd2 26. Rxb7 a5 27. a3 axb4 28. axb4 Ra4 29. Bb3 {0-1 Manvelyan,M (2289)-Galaktionov,A (2358) Titled Tue 9th Jul Early 2024 (8)}) 15. f4 Qd8 $146 ({RR} 15... Bd7 16. c5 Bf8 17. f5 Ng5 18. Rf4 b6 19. b4 bxc5 20. bxc5 Rad8 21. Kh1 Bc8 22. Rxh4 Rd5 23. Nc3 Rdd8 24. Rxe8 Rxe8 25. Qd1 g6 26. fxg6 Qg3 27. Qh5 Bg7 28. gxf7+ Nxf7 29. Bc4 Be6 30. Re4 {1-0 Grieve,H (2312)-Bodi,T (2307) Budapest Vezerkepzo IM 9th 2021 (5)}) 16. Kh1 Bc7 17. d5 Nf8 18. Nc3 Bd7 19. f5 Bg3 20. Rxe8 Bxe8 21. Bf4 cxd5 22. cxd5 Rc8 23. Bxg3 hxg3 24. Be4 b5 25. a3 a5 26. Qd3 b4 27. axb4 axb4 28. Ne2 Qb6 29. Qxg3 Bb5 30. Nf4 Bxf1 31. Nh5 Ng6 32. fxg6 Kf8 33. Kh2 Qb8 34. d6 Rd8 35. Kg1 Be2 36. Nf4 Bc4 37. Bd3 Qxd6 38. Bxc4 Qd4+ 39. Kh2 Qxc4 40. Qh4 Qc7 41. Qg3 Qe5 42. gxf7 Kxf7 43. Qb3+ Kf8 44. Qxb4+ Kg8 45. g3 Qe3 46. Qc4+ Kh8 47. h4 Qd2+ 48. Kh3 Qd7+ 49. Kh2 Qf5 50. Qe2 Rc8 51. Nd3 Qb5 52. Qe4 Rc2+ 53. Kh3 Qd7+ 54. g4 Rd2 55. Nf4 Qd8 56. h5 Qb8 57. g5 Qc8+ 58. Kg3 Rxb2 59. Ng6+ 1-0